<?xml version="1.0" encoding="UTF-8"?>
<record
    xmlns:xsi="http://www.w3.org/2001/XMLSchema-instance"
    xsi:schemaLocation="http://www.loc.gov/MARC21/slim http://www.loc.gov/standards/marcxml/schema/MARC21slim.xsd"
    xmlns="http://www.loc.gov/MARC21/slim">

  <leader>03632    a2200241   4500</leader>
  <controlfield tag="001">48762</controlfield>
  <controlfield tag="005">20260407155753.0</controlfield>
  <controlfield tag="008">260407a1991    arg                 spa d</controlfield>
  <controlfield tag="003">AR-UNSa-BCEJYS</controlfield>
  <datafield tag="040" ind1=" " ind2=" ">
    <subfield code="a">AR-UNSa-BCEJYS</subfield>
    <subfield code="b">spa</subfield>
    <subfield code="c">AR-UNSa-BCEJYS</subfield>
  </datafield>
  <datafield tag="080" ind1=" " ind2=" ">
    <subfield code="a">517.2/3</subfield>
    <subfield code="x">C&#xE1;lculo diferencial e integral</subfield>
  </datafield>
  <datafield tag="245" ind1="1" ind2="0">
    <subfield code="a">C&#xE1;lculo diferencial e integral</subfield>
  </datafield>
  <datafield tag="020" ind1=" " ind2=" ">
    <subfield code="a">970-10-0050-1</subfield>
  </datafield>
  <datafield tag="250" ind1=" " ind2=" ">
    <subfield code="a">3a.ed.</subfield>
  </datafield>
  <datafield tag="264" ind1=" " ind2="1">
    <subfield code="a">M&#xE9;xico :</subfield>
    <subfield code="b">McGraw-Hill</subfield>
    <subfield code="c">1991</subfield>
  </datafield>
  <datafield tag="300" ind1=" " ind2=" ">
    <subfield code="a">571 p.</subfield>
  </datafield>
  <datafield tag="505" ind1=" " ind2=" ">
    <subfield code="a">1. Valor absoluto; sistemas lineales de coordenadas; desigualdades - 2. El sistema rectangular de coordenadas - 3. Rectas - 4. C&#xED;rculos - 5. Ecuaciones y sus gr&#xE1;ficos - 6. Funciones - 7. L&#xED;mites - 8. Continuidad - 9. La derivada - 10. Reglas de derivaci&#xF3;n - 11. Derivaci&#xF3;n impl&#xED;cita - 12. Tangentes y normales  - 13. Valores m&#xE1;ximos y m&#xED;nimos - 14. Problemas de aplicaci&#xF3;n de m&#xE1;ximos y m&#xED;nimos - 15. Movimiento rectil&#xED;neo y movimiento circular - 16. Razones de cambio (o ritmos) relacionadas - 17. Derivaci&#xF3;n de funciones trigonom&#xE9;tricas - 18. Derivaci&#xF3;n de las funciones trigonom&#xE9;tricas inversas - 19. Derivaci&#xF3;n de funciones exponenciales y logar&#xED;tmicas - 20. Derivaci&#xF3;n de las funciones hiperb&#xF3;licas - 21. Representaci&#xF3;n param&#xE9;trica de curvas - 22. Curvatura - 23. Vectores en el plano - 24. Movimiento curvil&#xED;neo - 25. Coordenadas polares - 26. El teorema de la media - 27. Formas indeterminadas - 28. Diferenciales - 29. Trazado de curvas - 30. F&#xF3;rmulas fundamentales de integraci&#xF3;n - 31. Integraci&#xF3;n por partes - 32. Integrales trigonom&#xE9;tricas - 33. Sustituciones trigonom&#xE9;tricas - 34. Integraci&#xF3;n por fracciones simples - 35. Sustituciones diversas - 36. Integraci&#xF3;n de funciones hiperb&#xF3;licas - 37. Aplicaci&#xF3;n de las integrales indefinidas - 38. La integral definida - 39. &#xC1;reas planas por integraci&#xF3;n - 40. Funciones logar&#xED;tmicas y exponenciales, crecimiento y decrecimiento exponencial - 41. Vol&#xFA;menes de s&#xF3;lidos de revoluci&#xF3;n - 42. Vol&#xFA;menes de s&#xF3;lidos con secciones conocidas - 43. Centroides de &#xE1;reas planas y s&#xF3;lidos de revoluci&#xF3;n - 44. Momentos de inercia de &#xE1;reas planas y s&#xF3;lidos de revoluci&#xF3;n - 45. Presi&#xF3;n de un fluido - 46. Trabajo - 47. Longitud de arco - 48. &#xC1;rea de una superficie de revoluci&#xF3;n - 49. Centroides y momento de inercia de arcos y superficies de revoluci&#xF3;n - 50. &#xC1;rea plana y centroide de un  &#xE1;rea en coordenadas polares - 51. &#xC1;rea de una superficie de revoluci&#xF3;n en coordenadas polares - 52. Integrales impropias - 53. Sucesiones infinitas y series - 54. Criterios para la convergencia y divergencia de series positivas - 55. Series con t&#xE9;rminos negativos - 56. C&#xE1;lculo con series - 57. Serie de potencias - 58. Desarrollos de funciones en  serie de potencias - 59. F&#xF3;rmulas de Maclaurin y Taylor con resto - 60. C&#xE1;lculos con series de potencias - 61. Integraci&#xF3;n aproximada - 62. Derivadas parciales - 63. Diferenciales totales y derivadas totales - 64. Funciones impl&#xED;citas - 65. Vectores en el espacio - 66. Curvas y superficies en el espacio - 67. Derivadas direccionales; m&#xE1;ximos y m&#xED;nimos - 68. Derivaci&#xF3;n e integraci&#xF3;n de vectores - 69. Integrales dobles e iteradas  70. Centroides y momentos de inercia de &#xE1;reas planas - 71. Volumen bajo una superficie por integraci&#xF3;n doble - 72. &#xC1;rea de una superficie por integraci&#xF3;n doble - 73. Integrales triples - 74. Masas de densidad variable - 75. Ecuaciones diferenciales - 76. Ecuaciones diferenciales de segundo orden - 77.</subfield>
  </datafield>
  <datafield tag="942" ind1=" " ind2=" ">
    <subfield code="c">BK</subfield>
  </datafield>
  <datafield tag="590" ind1=" " ind2=" ">
    <subfield code="a">niveau_biblio:m niveau_hierar:0</subfield>
  </datafield>
  <datafield tag="100" ind1="1" ind2=" ">
    <subfield code="a">Ayres, Frank, Jr.</subfield>
  </datafield>
  <datafield tag="700" ind1="1" ind2=" ">
    <subfield code="a">Mendelso, Elliott</subfield>
  </datafield>
  <datafield tag="700" ind1="1" ind2=" ">
    <subfield code="a">Abellanas Rap&#xFA;n, Lorenzo</subfield>
  </datafield>
  <datafield tag="999" ind1=" " ind2=" ">
    <subfield code="c">4699</subfield>
    <subfield code="d">4699</subfield>
  </datafield>
  <datafield tag="952" ind1=" " ind2=" ">
    <subfield code="0">0</subfield>
    <subfield code="1">0</subfield>
    <subfield code="4">0</subfield>
    <subfield code="7">0</subfield>
    <subfield code="a">BCEJYS</subfield>
    <subfield code="b">BCEJYS</subfield>
    <subfield code="c">16</subfield>
    <subfield code="d">2026-04-07</subfield>
    <subfield code="l">0</subfield>
    <subfield code="o">517.2/3 A985 3ed.</subfield>
    <subfield code="p">L85028</subfield>
    <subfield code="r">2026-04-07 15:57:53</subfield>
    <subfield code="w">2026-04-07</subfield>
    <subfield code="y">L</subfield>
  </datafield>
</record>
